000 00907cam a2200265 i 4500
999 _c329423
_d329423
001 3664504
003 Nust
005 20170505123305.0
008 780209s1975 pk b 001 0beng
010 _a 76930330
040 _aDLC
_cDLC
_dDLC
050 0 0 _aPK2199.I65
_bZ825
082 0 0 _a891.43915
_bQAD
100 1 _aQadir, Abdul,
_d1874-1950.
_965
245 1 0 _aIqbal, the great poet of Islam /
_cby Sh. Abdul Qadir ; edited by Muhammad Hanif Shahid.
260 _aLahore :
_bSang-e-Meel Publications,
_c1975.
300 _a160 p. ;
_c22 cm.
500 _aIncludes index.
504 _aBibliography: p. 151-152.
600 1 0 _aIqbal, Muhammad,
_cSir,
_d1877-1938.
_920
650 0 _aPoets, Urdu
_y20th century
_xBiography.
_966
700 1 _aShāhid, Muḥammad Ḥanīf,
_d1939-
_967
906 _a7
_bcbc
_corignew
_d4
_encip
_f19
_gy-gencatlg
942 _2ddc
_cBK